Indian constitution & its working. (Record no. 92350)
[ view plain ]
| 000 -LEADER | |
|---|---|
| fixed length control field | 00457nam a2200169Ia 4500 |
| 008 - FIXED-LENGTH DATA ELEMENTS--GENERAL INFORMATION | |
| fixed length control field | 210210b1986 xxu||||| |||| 00| 0 eng d |
| 020 ## - INTERNATIONAL STANDARD BOOK NUMBER | |
| International Standard Book Number | 0 86131 611 8 |
| 082 ## - DEWEY DECIMAL CLASSIFICATION NUMBER | |
| Classification number | 321.80954 JOSI |
| 100 ## - MAIN ENTRY--PERSONAL NAME | |
| Personal name | JOSHI (Ram) & Others. |
| 245 ## - TITLE STATEMENT | |
| Title | Indian constitution & its working. |
| 250 ## - EDITION STATEMENT | |
| Edition statement | |
| 260 ## - PUBLICATION, DISTRIBUTION, ETC. | |
| Place of publication, distribution, etc. | Hyderabad |
| Name of publisher, distributor, etc. | Orient Longman Ltd |
| Date of publication, distribution, etc. | 1986 |
| 300 ## - PHYSICAL DESCRIPTION | |
| Extent | v,236 |
| 650 ## - SUBJECT ADDED ENTRY--TOPICAL TERM | |
| Topical term or geographic name entry element | Indian constituion<br/><br/> |
| 690 ## - LOCAL SUBJECT ADDED ENTRY--TOPICAL TERM (OCLC, RLIN) | |
| Topical term or geographic name as entry element | Indian Constitution & Government |
| 906 ## - LOCAL DATA ELEMENT F, LDF (RLIN) | |
| a | 043025 |
| Withdrawn status | Lost status | Damaged status | Not for loan | Collection code | Home library | Current library | Shelving location | Date acquired | Source of acquisition | Cost, normal purchase price | Total Checkouts | Full call number | Barcode | Date last seen | Price effective from | Koha item type |
|---|---|---|---|---|---|---|---|---|---|---|---|---|---|---|---|---|
| St Aloysius Library | St Aloysius Library | 02/17/2021 | Canara Book Bureau, Mangalore-02. | 40.00 | 321.80954 JOSI | 043025 | 02/17/2021 | 02/17/2021 | Book |